Master resource for Mat 2026 (Record no. 241424)

MARC details
000 -LEADER
fixed length control field 01566nam a22002897a 4500
005 - DATE AND TIME OF LATEST TRANSACTION
control field 20260513121822.0
008 - FIXED-LENGTH DATA ELEMENTS--GENERAL INFORMATION
fixed length control field 260509b |||||||| |||| 00| 0 eng d
020 ## - INTERNATIONAL STANDARD BOOK NUMBER
International Standard Book Number 9789370782556
040 ## - CATALOGING SOURCE
Transcribing agency AL
041 ## - LANGUAGE CODE
Language code of text/sound track or separate title English
082 ## - DEWEY DECIMAL CLASSIFICATION NUMBER
Classification number 658.002
Item number AGAM
100 ## - MAIN ENTRY--PERSONAL NAME
Personal name Srishti Agarwal...[et.al]
100 ## - MAIN ENTRY--PERSONAL NAME
9 (RLIN) 263891
245 ## - TITLE STATEMENT
Title Master resource for Mat 2026
Remainder of title : entrance exam
260 ## - PUBLICATION, DISTRIBUTION, ETC.
Place of publication, distribution, etc. New Delhi
Name of publisher, distributor, etc. Arihant
Date of publication, distribution, etc. 2026
300 ## - PHYSICAL DESCRIPTION
Extent 1049p.
Other physical details PB
Dimensions 27x21cm.
365 ## - TRADE PRICE
Price type code 6831
Price amount ₹756.00
Currency code
Unit of pricing ₹945.00
Price note 20%
Price effective from 14-03-2026
520 ## - SUMMARY, ETC.
Summary, etc. Master Resource for MAT 2026 is an all-in-one preparation guide for the Management Aptitude Test (MAT), designed as per the latest exam pattern announced by AICTE. Covering all five core sections—English Language, Mathematical Skills, Intelligence & Critical Reasoning, Data Analysis & Sufficiency, and Indian & Global Environment, this book ensures thorough conceptual clarity and practice.<br/>Key Features:<br/>Covers full MAT syllabus in 5 sections as per latest pattern<br/>Solved Papers (2025–2023) with smart solutions & eliminator tips<br/>Over 2500+ MCQs for focused, high-volume practice<br/>Chapterwise theory for conceptual understanding<br/>Designed to enhance speed, accuracy, and score
650 ## - SUBJECT ADDED ENTRY--TOPICAL TERM
Topical term or geographic name entry element Entrance Exam
9 (RLIN) 263713
650 ## - SUBJECT ADDED ENTRY--TOPICAL TERM
Topical term or geographic name entry element Mathematical Skills
9 (RLIN) 263714
650 ## - SUBJECT ADDED ENTRY--TOPICAL TERM
Topical term or geographic name entry element Indian and Global Environment
9 (RLIN) 263715
650 ## - SUBJECT ADDED ENTRY--TOPICAL TERM
Topical term or geographic name entry element Corporate General Knowledge
9 (RLIN) 263716
700 ## - ADDED ENTRY--PERSONAL NAME
Personal name Tiwari ,Smrati
9 (RLIN) 263717
700 ## - ADDED ENTRY--PERSONAL NAME
Personal name Aggarwal ,Divya
9 (RLIN) 263718
700 ## - ADDED ENTRY--PERSONAL NAME
Personal name Jha, Sachin
9 (RLIN) 263719
700 ## - ADDED ENTRY--PERSONAL NAME
Personal name Kibria ,Fazle
9 (RLIN) 263720
942 ## - ADDED ENTRY ELEMENTS (KOHA)
Source of classification or shelving scheme Dewey Decimal Classification
Koha item type Book
Holdings
Withdrawn status Lost status Source of classification or shelving scheme Damaged status Not for loan Collection code Home library Current library Shelving location Date acquired Source of acquisition Cost, normal purchase price Total Checkouts Full call number Barcode Date last seen Cost, replacement price Price effective from Koha item type
    Dewey Decimal Classification     Management St Aloysius Library St Aloysius Library Stack Section 03/17/2026 Biblios Book Point, Surathkal-575014 756.00   658.002 AGAM 078113 05/09/2026 945.00 03/14/2026 Book